| 000 | 00498nam a22001697a 4500 | ||
|---|---|---|---|
| 999 |
_c526501 _d526501 |
||
| 003 | NUST | ||
| 038 | _awaseem | ||
| 082 |
_a923.1543 _bSIN |
||
| 100 |
_aSindho, Ghulam Rasool _917516 |
||
| 245 |
_aK H Khursheed ki yadain / _cGhulam Rasool Sindho |
||
| 260 |
_aGujranwala : _bGohar Publication House, _c1991. |
||
| 300 | _a182 p. ; | ||
| 500 | _aHardcover. | ||
| 880 |
_6100-01\r _aغلام رسول سندھو |
||
| 880 |
_6245-02\r _aکے ایچ خورشید کی یادیں / |
||
| 942 |
_2ddc _cBK |
||